| 000 | 01569nam a22002657a 4500 | ||
|---|---|---|---|
| 001 | 1313 | ||
| 005 | 20231010093205.0 | ||
| 020 | _a9789996305771 | ||
| 040 |
_aFISKH _beng _cFISKH _dFISKH |
||
| 082 | _a599.757 | ||
| 100 | _aSodany, Ouch | ||
| 245 |
_aប៉ាប៉ា! អីគេហ្នឹង? / _cអ៊ូច សូដានី - សួ គឹមសាន |
||
| 250 | _aគ្រិះស្ថានបោះពុម្ព Sipar មេសា ២០២១ | ||
| 260 |
_aPhnom Penh : _bSipar, _c2021. |
||
| 300 |
_a23 pages : _bcolor illustrations ; _c23 cm |
||
| 505 | _aG | ||
| 520 | _aនៅតាមផ្លូវត្រឡប់ទៅផ្ទះ កូនតោសួរប៉ាតោរហូត ៖ «ប៉ាប៉ា! អីគេហ្នឹង?»។ វាឆ្ងល់និងសួរគ្រប់រឿងដូចជា ស្រមោល ដានជើង សំឡេង...... ចម្លើយប៉ាតោធ្វើអោយកូនតោពេញចិត្ត និងរីករាយជាខ្លាំង ។ | ||
| 520 | _aOn the way back home, a young lion kept asking: "Daddy! Daddy!" What is it? ” He wonders and asks about everything such as shadows, footprints, and sounds... his father answers and makes the baby lion satisfied and happy. | ||
| 521 |
_a380
_bLexile estimate |
||
| 521 |
_aG
_bRaz-Plus |
||
| 650 |
_aតោ _vឆ្ងល់ _xឆ្លើយតប |
||
| 650 |
_aLion _vWonder _xAnswer |
||
| 700 |
_aKimsan, Sour _cillustrator |
||
| 942 |
_2ddc _cBK _n0 |
||
| 999 |
_c1313 _d1313 |
||